Представление документа в формате RUSMARC

ПолеНазваниеЗначение
  Тип записи c
  Библиографический уровень m
001 Контрольный номер RU/УОНБ/EK_N/354718733
005 Дата корректировки 20250928155037.8
010 Индекс ISBN __
9 Тираж 550 экз.
013 Номер (ISMN) __
d Цена 1 р. 60 к.
071 Издательские номер (звукозапись и ноты) 21
a Номер, присвоенный агентством 12682
100 Данные общей обработки __
a Данные общей обработки 20141205d1984 u y0rusy0189||||ca
101 Язык документа 0_
a Язык текста rus
f Язык титульного листа eng
f Язык титульного листа rus
102 Страна публикации __
a Страна публикации RU
105 Кодированные данные (монография) __
a Кодированные данные (монография) y###||||000|y
125 Кодированные данные звукозаписи и нотных изданий __
a Форма изложения нотного текста с|
128 Кодированные данные (звукозаписи-физические характеристики) __
a Кодированные данные: Музыкальная форма и тональность или лад zz
c Инструменты или голоса, рекомендуемые для солистов (устаревшее) ka||
200 Заглавие и сведения об ответственности 1_
a Заглавие Избранные сочинения
d Параллельное заглавие Selected works
e Сведения, относящиеся к заглавию для фп.
e Сведения, относящиеся к заглавию for piano
f Первые сведения об ответственности И. Бэлза
g Последующие сведения об ответственности [предисл.] А. Наседкина
z Язык параллельного заглавия eng
210 Выходные данные 1_
a Место издания Москва
c Издательство Музыка
d Дата издания 1984
215 Физическое описание __
a Объем 72 c.
c Иллюстрации/тип воспроизводства портр.
d Формат 29 см
300 Общие примечания __
a Общие примечания Изд. на рус. и англ. яз.
327 Примечание о содержании 11
a Примечание о содержании Содерж. : Четыре прелюдии : соч. 5 ; Концертные этюды : соч. 9 ; Соната № 3 : соч. 11 ; Колыбельная : соч. 16, №1 ; Анданте из органного концерта : соч. 17 ; Баллада : соч. 20 ; Соната № 4 : соч. 26 ; Соната № 5 : соч. 29 ; Сказка : соч. 40.
464 Аналитический уровень _0
1 2001
a Четыре прелюдии
e соч. 5
464 Аналитический уровень _0
1 2001
a Концертные этюды
e соч. 9
464 Аналитический уровень _0
1 2001
a Соната № 3
e соч. 11
464 Аналитический уровень _0
1 2001
a Колыбельная
e соч. 16 № 1
464 Аналитический уровень _0
1 2001
a Анданте из органного концерта
e соч. 17
464 Аналитический уровень _0
1 2001
a Баллада
e соч. 20
464 Аналитический уровень _0
1 2001
a Соната № 4
e соч. 26
464 Аналитический уровень _0
1 2001
a Соната № 5
e соч. 29
464 Аналитический уровень _0
1 2001
a Сказка
e соч. 40
512 Заглавие обложки 1_
a Заглавие обложки Избранные сочинения
606 Тематические рубрики 0_
a Основная рубрика Фортепианная музыка советская
686 Индексы других классификаций __
a Классификационный индекс 85.954.2я44
2 Код системы rubbk
700 Автор _1
a Фамилия Бэлза
b Имя (инициалы) И. Ф.
g Полное личное имя Игорь Федорович
702 Вторичная интеллектуальная ответственность _1
a Фамилия Наседкин
b Имя (инициалы) А.
4 Код отношения 080
801 Источник записи _0
a Страна RU
b Организация Ульяновская ОНБ
c Дата составления 20141205
g Правила каталогизации RCR
801 Источник записи _1
a Страна RU
b Организация Ульяновская ОНБ
c Дата составления 20141205
g Правила каталогизации RCR
901 Тип документа __
t Тип документа m
909 Создатель записи __
a Создатель записи Карасева М. В.
910 Корректоры записи __
a Корректор записи Илямакова
938 Служебная информация __
a Имя БД noti
b Имя библиотеки УОНБ
c Имя АИБС МАРК-SQL
d Номер DOC_ID в БД 8601